[Event "FIDE World Cup 2023"]
[Site "Baku AZE"]
[Date "2023.07.30"]
[Round "1.1"]
[White "Cheparinov, Ivan"]
[Black "Alhassadi, Yousef A."]
[Result "1-0"]
[WhiteTitle "GM"]
[WhiteElo "2663"]
[BlackElo "2030"]
[WhiteFideId "2905540"]
[BlackFideId "9204725"]
[EventDate "2023.07.30"]
[EventType "k.o."]

1. d4 d5 2. c4 e6 3. Nf3 c5 4. cxd5 exd5 5. Bg5 Nf6 6. Nc3 Be6 7. a3 Nc6 8. e3
Be7 9. dxc5 Bxc5 10. Bb5 O-O 11. O-O Be7 12. Rc1 Rc8 13. Bh4 a6 14. Bxc6 bxc6
15. Qd3 Qb6 16. Rc2 Rfd8 17. Rfc1 Qa5 18. Nd4 c5 19. Nxe6 fxe6 20. e4 d4 21. Ne2
Qb5 22. Rc4 Qb7 23. h3 Kf7 24. e5 Qe4 25. Qxe4 Nxe4 26. Bxe7 Kxe7 27. f3 Nd2 28.
Rxc5 Rxc5 29. Rxc5 Rd7 30. Kf2 Nb3 31. Rc4 d3 32. Nc3 d2 33. Nd1 Nc1 34. Ke3 Nd3
35. Rd4 Rxd4 36. Kxd4 Ne1 37. Ke3 Nxg2+ 38. Kxd2 Kd7 39. Nf2 Kc6 40. Nd3 a5 41.
b4 axb4 42. Nxb4+ Kb5 43. Nd3 g5 44. Ke2 Nh4 45. f4 h6 46. fxg5 hxg5 47. Ke3 Kc4
48. Ke4 Nf5 49. a4 Ng3+ 50. Kf3 Nf5 51. a5 Kxd3 52. a6 Nd4+ 53. Kg4 Nc6 54. Kxg5
Ke4 55. h4 Kxe5 56. h5 1-0

[Event "FIDE World Cup 2023"]
[Site "Baku AZE"]
[Date "2023.07.30"]
[Round "1.1"]
[White "Nay, Lin Tun"]
[Black "Bacrot, Etienne"]
[Result "0-1"]
[WhiteTitle "CM"]
[BlackTitle "GM"]
[WhiteElo "2055"]
[BlackElo "2662"]
[WhiteFideId "13004255"]
[BlackFideId "605506"]
[EventDate "2023.07.30"]
[EventType "k.o."]

1. d4 Nf6 2. c4 e6 3. Nc3 Bb4 4. e3 O-O 5. Bd3 Re8 6. Ne2 d5 7. a3 Bf8 8. O-O
Nbd7 9. Qc2 c5 10. Rd1 cxd4 11. exd4 dxc4 12. Bxc4 Nb6 13. Bd3 Bd7 14. Bg5 h6
15. Bh4 Rc8 16. Qb3 Bc6 17. a4 Nbd5 18. Bb5 Qd7 19. Rac1 a6 20. Bxc6 Rxc6 21.
Nxd5 Nxd5 22. Rxc6 Qxc6 23. Rc1 Qd7 24. Bg3 Rc8 25. Rxc8 Qxc8 26. Nc3 Bb4 27.
Ne2 Qc6 28. h3 Bd2 29. Qd3 Bg5 30. Nc3 Nb4 31. Qe4 Bc1 32. Qb1 Bd2 33. Ne4 Bg5
34. b3 Qd5 35. Bd6 Nc6 36. Nxg5 hxg5 37. Bc5 Nxd4 38. Bxd4 Qxd4 39. Qc1 Qd5 40.
Qc8+ Kh7 41. Qc2+ Kh6 42. Qc3 Kg6 43. a5 Qe4 44. b4 Kh6 45. Qd2 Qd5 46. Qc3 e5
47. Qc8 Kg6 48. Qc2+ Kf6 49. Qc8 Qc6 50. Qd8+ Kf5 51. Qe7 Qd5 52. Qf8 Kf6 53.
Qc8 Ke7 54. Qg8 g6 55. Qb8 Kd7 56. Qa7 Ke7 57. Qb8 Qb5 58. Qc7+ Ke6 59. Qc8+ Qd7
60. Qc4+ Ke7 61. Qc1 Kf6 62. Qe3 Qd1+ 63. Kh2 Qd4 64. Qe1 g4 65. hxg4 Qxg4 66.
Qc3 Qd4 67. Qe1 Ke6 68. Kg1 Kd6 69. Qb1 Qc4 70. Qd1+ Kc7 71. Qa4 Kd8 72. Qd1+
Ke7 73. Qe1 Ke6 74. Qd2 Qd4 75. Qa2+ Kf6 76. Qb3 Kg7 77. Qb1 Qd2 78. g3 Qd5 79.
Qc2 Qd4 80. Qc7 Qd1+ 81. Kh2 Qd5 82. Qe7 Kh7 83. Kg1 Kg7 84. Kh2 e4 85. Kg1 g5
86. Kf1 Kg6 87. Kg1 Kf5 88. Kh2 Kg4 89. Qf6 e3 90. Qb2 Qd2 0-1

[Event "FIDE World Cup 2023"]
[Site "Baku AZE"]
[Date "2023.07.30"]
[Round "1.1"]
[White "Salem, A.R. Saleh"]
[Black "Abera, Aydagnuhem Gezachew"]
[Result "1-0"]
[WhiteTitle "GM"]
[BlackTitle "CM"]
[WhiteElo "2661"]
[BlackElo "2121"]
[WhiteFideId "9301348"]
[BlackFideId "10801839"]
[EventDate "2023.07.30"]
[EventType "k.o."]

1. d4 d5 2. c4 e6 3. Nf3 Nf6 4. g3 c5 5. cxd5 exd5 6. Bg2 Nc6 7. O-O Bg4 8. Ne5
Be6 9. Nxc6 bxc6 10. dxc5 Bxc5 11. Qc2 Qb6 12. Nc3 Be7 13. Be3 Qa6 14. Na4 Nd7
15. Rac1 Rc8 16. Nc5 Nxc5 17. Bxc5 Bxc5 18. Qxc5 Qb6 19. b4 Qxc5 20. Rxc5 Kd7
21. Rfc1 Kd6 22. a3 Rc7 23. e3 Rb8 24. Bf1 Rb6 25. Bd3 h6 26. e4 f6 27. f3 g5
28. Kf2 Rf7 29. Ra5 Rc7 30. Ke3 Bg8 31. Rac5 Re7 32. Kd4 Bh7 33. exd5 Bxd3 34.
Rxc6+ Kd7 35. Kxd3 Re5 36. Kd4 Rf5 37. Rc7+ Kd6 38. R1c6+ Rxc6 39. Rxc6+ Kd7 40.
Ra6 Rxf3 41. Rxa7+ Kc8 42. a4 h5 43. Rh7 h4 44. gxh4 Rh3 45. Rh6 Rxh2 46. hxg5
Rd2+ 47. Kc3 Rxd5 48. gxf6 Rf5 49. a5 Kb7 50. Kd4 Rf4+ 1-0

[Event "FIDE World Cup 2023"]
[Site "Baku AZE"]
[Date "2023.07.30"]
[Round "1.1"]
[White "Jaiswal, Rupesh"]
[Black "Guseinov, Gadir"]
[Result "0-1"]
[WhiteTitle "FM"]
[BlackTitle "GM"]
[WhiteElo "2122"]
[BlackElo "2661"]
[WhiteFideId "12300870"]
[BlackFideId "13401378"]
[EventDate "2023.07.30"]
[EventType "k.o."]

1. e4 c5 2. Nf3 e6 3. g3 Nc6 4. Bg2 Nf6 5. Qe2 e5 6. O-O Be7 7. c3 O-O 8. Na3
Re8 9. d3 h6 10. Nc4 Bf8 11. Re1 d6 12. Ne3 d5 13. exd5 Nxd5 14. Nxd5 Qxd5 15.
Nd4 Nxd4 16. Bxd5 Nxe2+ 17. Rxe2 Bd6 18. d4 cxd4 19. cxd4 Bg4 20. f3 Bh3 21.
dxe5 Rad8 22. Bb3 Bxe5 23. Kf2 Bd4+ 24. Ke1 Rxe2+ 25. Kxe2 Re8+ 26. Kd3 Bb6 27.
Bf4 g5 28. Bd2 Bf5+ 29. Kc4 Rc8+ 30. Kd5 Rd8+ 31. Ke5 Bg6 32. Bc3 Kg7 33. Bd5
f6+ 34. Ke6 Bf7+ 0-1

[Event "FIDE World Cup 2023"]
[Site "Baku AZE"]
[Date "2023.07.30"]
[Round "1.1"]
[White "Sindarov, Javokhir"]
[Black "Rehan, Deng Cypriano"]
[Result "1-0"]
[WhiteTitle "GM"]
[WhiteElo "2659"]
[BlackElo "2147"]
[WhiteFideId "14205483"]
[BlackFideId "32500084"]
[EventDate "2023.07.30"]
[EventType "k.o."]

1. e4 e5 2. Nf3 Nc6 3. Bc4 Bc5 4. O-O Nf6 5. d3 d6 6. a4 a6 7. c3 O-O 8. h3 Be6
9. Bxe6 fxe6 10. Re1 d5 11. Nbd2 Bb6 12. Qe2 Nh5 13. Nf1 Nf4 14. Bxf4 Rxf4 15.
g3 Rf7 16. Kg2 Qf6 17. N1h2 h5 18. h4 a5 19. Qc2 Raf8 20. Re2 Qg6 21. Rf1 dxe4
22. Rxe4 Rd7 23. Rxe5 Nxe5 24. Nxe5 Qf5 25. Nxd7 Qd5+ 26. f3 Qxd7 27. Re1 Rd8
28. d4 Qf7 29. f4 c5 30. dxc5 Bxc5 31. Nf3 b6 32. Qe4 Qf5 33. Qxe6+ Qxe6 34.
Rxe6 Rd1 35. Re8+ Kf7 36. Re1 Rd5 37. Re5 Rd1 38. Rxh5 Ra1 39. Ne5+ Ke6 40. Rg5
Rxa4 41. Rxg7 Ra1 42. h5 Rb1 43. Nd3 a4 44. h6 Bf8 45. Rb7 a3 46. h7 a2 47. h8=Q 1-0

[Event "FIDE World Cup 2023"]
[Site "Baku AZE"]
[Date "2023.07.30"]
[Round "1.1"]
[White "Beukes, Dante M"]
[Black "Saric, Ivan"]
[Result "1/2-1/2"]
[WhiteTitle "IM"]
[BlackTitle "GM"]
[WhiteElo "2180"]
[BlackElo "2657"]
[WhiteFideId "15200540"]
[BlackFideId "14508150"]
[EventDate "2023.07.30"]
[EventType "k.o."]

1. e4 c5 2. Nf3 d6 3. d4 cxd4 4. Nxd4 Nf6 5. Nc3 Nc6 6. Bg5 e6 7. Qd2 a6 8.
O-O-O Bd7 9. f4 b5 10. a3 Rb8 11. Nf3 b4 12. axb4 Rxb4 13. e5 Qa5 14. Kb1 dxe5
15. Na2 Ra4 16. Qxa5 Rxa5 17. fxe5 Ne4 18. Be3 Be7 19. Bd3 Nc5 20. Bc4 Ra4 21.
b3 Rxc4 22. bxc4 Na5 23. Rd4 O-O 24. Nc3 Rc8 25. Rhd1 Bc6 26. Ne1 f6 27. Bf4 Na4
28. Nxa4 Bxa4 29. c5 Bb5 30. Nd3 f5 31. Be3 Nc4 32. Bf2 g5 33. Ka2 Kf7 34. Kb1
Kg6 35. h4 h6 36. g4 f4 37. Bg1 Kf7 38. Bf2 Kg7 39. Bg1 Na3+ 40. Kb2 Nc4+ 41.
Kc1 Ne3 42. Bxe3 fxe3 43. h5 e2 44. Re1 Bxc5 45. Nxc5 Rxc5 46. Kd2 Rd5 47. c3
Kf7 48. Rc1 Ke7 49. Ke1 Rxe5 50. c4 Bc6 51. Rc3 a5 52. c5 a4 53. Rd6 Bd5 54. Ra6
Re4 55. c6 Rxg4 56. Ra7+ Kd8 57. Kf2 Re4 58. Ke1 Kc8 59. Ra8+ Kc7 60. Ra7+ Kc8
61. Ra8+ Kc7 62. Ra7+ Kc8 63. Ra8+ Kc7 64. Ra7+ 1/2-1/2

[Event "FIDE World Cup 2023"]
[Site "Baku AZE"]
[Date "2023.07.30"]
[Round "1.1"]
[White "Narayanan, S.L."]
[Black "Oatlhotse, Providence"]
[Result "1-0"]
[WhiteTitle "GM"]
[BlackTitle "IM"]
[WhiteElo "2656"]
[BlackElo "2199"]
[WhiteFideId "5058422"]
[BlackFideId "11300507"]
[EventDate "2023.07.30"]
[EventType "k.o."]

1. d4 d5 2. c4 c6 3. Nf3 Nf6 4. e3 e6 5. Nbd2 Nbd7 6. Bd3 Bd6 7. O-O O-O 8. e4
e5 9. cxd5 cxd5 10. Re1 Re8 11. exd5 exd4 12. Rxe8+ Qxe8 13. Nc4 Bc5 14. d6 Nb6
15. Bf4 Bg4 16. h3 Bh5 17. Na5 Nbd5 18. Bh2 Bb6 19. Nc4 Bc5 20. g4 Bg6 21. Bxg6
hxg6 22. Qb3 b5 23. Re1 Qc6 24. Nce5 Qb7 25. g5 Bxd6 26. gxf6 gxf6 27. Ng4 Bxh2+
28. Nfxh2 Rd8 29. Qg3 Qb6 30. Nf3 Nb4 31. Qh4 Nd5 32. Nh6+ Kg7 33. Nxf7 Kxf7 34.
Qh7+ Kf8 35. Nh4 Nf4 36. Re7 Nxh3+ 37. Kf1 1-0

[Event "FIDE World Cup 2023"]
[Site "Baku AZE"]
[Date "2023.07.30"]
[Round "1.1"]
[White "Yang, ching Wei, Austin"]
[Black "Santos Latasa, Jaime"]
[Result "0-1"]
[WhiteTitle "FM"]
[BlackTitle "GM"]
[WhiteElo "2212"]
[BlackElo "2656"]
[WhiteFideId "16300440"]
[BlackFideId "2293307"]
[EventDate "2023.07.30"]
[EventType "k.o."]

1. e4 c5 2. Ne2 Nc6 3. d4 cxd4 4. Nxd4 e5 5. Nb5 d6 6. c4 g6 7. N1c3 a6 8. Na3
Be6 9. Be3 Bg7 10. Nc2 Nf6 11. Be2 Rc8 12. f3 O-O 13. O-O Nh5 14. Qd2 Nf4 15.
Rfd1 Nb8 16. Nd5 Nxe2+ 17. Qxe2 Nd7 18. b3 f5 19. Nc3 Nf6 20. Nb4 Rf7 21. Nbd5
Nd7 22. Rd2 f4 23. Bf2 g5 24. Na4 g4 25. Nab6 g3 26. Nxc8 gxf2+ 27. Qxf2 Qxc8
28. Nb6 Qc7 29. Nxd7 Rxd7 30. Rad1 Bf8 31. Kh1 Rg7 32. Qa7 Kh8 33. Qf2 Rg6 34.
Rc1 Be7 35. Rdc2 Qc5 36. Qxc5 dxc5 37. Rd2 Kg7 38. Kg1 Kf7 39. Kf1 Rh6 40. Kg1
Rg6 41. Kf1 Rg8 42. Rcd1 h5 43. Kf2 h4 44. h3 b5 45. cxb5 axb5 46. Rb1 Ra8 47.
Rc2 c4 48. b4 Ra4 0-1

[Event "FIDE World Cup 2023"]
[Site "Baku AZE"]
[Date "2023.07.30"]
[Round "1.1"]
[White "Moussard, Jules"]
[Black "Nsubuga, Haruna"]
[Result "1/2-1/2"]
[WhiteTitle "GM"]
[BlackTitle "FM"]
[WhiteElo "2654"]
[BlackElo "2223"]
[WhiteFideId "642908"]
[BlackFideId "10000569"]
[EventDate "2023.07.30"]
[EventType "k.o."]

1. e4 c6 2. d4 d5 3. exd5 cxd5 4. Bd3 Nc6 5. c3 Nf6 6. Bf4 Bg4 7. Qb3 Qd7 8. Nd2
e6 9. Ngf3 Bd6 10. Bxd6 Qxd6 11. O-O O-O 12. Rfe1 Bf5 13. Bxf5 exf5 14. Ne5 Ne4
15. Qxb7 Nxe5 16. dxe5 Qxe5 17. Nb3 Rfb8 18. Qc6 Rc8 19. Qa6 Qf4 20. Re2 h5 21.
Qd3 a5 22. Nd4 a4 23. f3 Nd6 24. Rae1 g6 25. Nc2 Qc4 26. Rd1 Re8 27. Rxe8+ Rxe8
28. Qxd5 Re2 29. Nb4 Qh4 30. Rf1 Nc4 31. Qd4 Qxd4+ 32. cxd4 Rxb2 33. Nd5 Rxa2
34. Rc1 Nd6 35. Nc3 Rd2 36. Nxa4 Rxd4 37. Nc3 Rc4 38. Rd1 Rxc3 39. Rxd6 h4 40.
h3 Rc4 41. Rd7 Kg7 42. Ra7 Kf6 43. Rb7 Rc1+ 44. Kh2 Rd1 45. Ra7 Ke6 46. Ra6+ Ke5
47. Ra5+ Rd5 48. Ra4 Rd4 49. Ra5+ Kf4 50. Ra7 f6 51. Ra6 Ke5 52. Rb6 g5 53. Rb5+
Kf4 54. Rb6 Ke5 55. Rb5+ Ke6 56. Rb6+ Kf7 57. Rb7+ Kg6 58. Rb8 Kh6 59. Rb6 Kg7
60. Rb7+ Kg6 61. Rb8 Rd7 62. Rb4 Re7 63. Ra4 Rd7 64. Rb4 Rd6 65. Ra4 f4 66. Rb4
f5 67. Rb8 g4 68. hxg4 fxg4 69. Rg8+ Kf5 70. Rxg4 Rd8 71. Rxh4 Rg8 72. Kg1 Rg7
73. Rh5+ Kf6 74. Rc5 Rg8 75. Kf2 Rg7 76. Rc8 Ke5 77. Rf8 Rg6 78. Kf1 Rg7 79.
Re8+ Kf5 80. Re2 Rg8 81. Ke1 Rg7 82. Kd2 Rd7+ 83. Kc3 Rd8 84. Ra2 Rd1 85. Rd2
Rg1 86. Re2 Rd1 87. Kc4 Rd8 88. Ra2 Kg5 89. Ra7 Rd2 90. Kc3 Rd1 91. Rf7 Rd8 92.
Kc4 Rd2 93. Rf8 Rd7 94. Ra8 Rd2 95. Kc3 Rd7 96. Ra4 Rf7 97. Kd3 Kh4 98. g4 Kg3
99. Ke4 Re7+ 100. Kf5 Re8 101. Ra3 Re3 102. Ra8 Rxf3 103. g5 Rb3 104. g6 Rb7
105. Kf6 f3 106. g7 Rxg7 107. Kxg7 f2 108. Rf8 Kg2 109. Rxf2+ Kxf2 1/2-1/2

[Event "FIDE World Cup 2023"]
[Site "Baku AZE"]
[Date "2023.07.30"]
[Round "1.1"]
[White "Djabri, Massinas"]
[Black "Fressinet, Laurent"]
[Result "0-1"]
[WhiteTitle "FM"]
[BlackTitle "GM"]
[WhiteElo "2231"]
[BlackElo "2652"]
[WhiteFideId "7905726"]
[BlackFideId "608742"]
[EventDate "2023.07.30"]
[EventType "k.o."]

1. d4 d5 2. c4 dxc4 3. e3 Nf6 4. Bxc4 e6 5. Nf3 a6 6. O-O c5 7. a3 b5 8. Be2
Nbd7 9. a4 b4 10. a5 Bb7 11. Nbd2 Be7 12. Nb3 O-O 13. Bd2 Bd5 14. dxc5 Nxc5 15.
Nxc5 Bxc5 16. Qa4 Qb8 17. Nd4 Ne4 18. Rad1 Qb7 19. Be1 Nf6 20. Bf3 Rac8 21. Bxd5
Nxd5 22. Nb3 Bxe3 23. fxe3 Nxe3 24. Rd2 Nxf1 25. Kxf1 Rc4 26. Qd7 Rf4+ 27. Bf2
Qe4 28. Qd3 Qxd3+ 29. Rxd3 Rc8 30. Rd4 Rxd4 31. Bxd4 Rc2 32. Ke1 f6 33. Kd1 Rxg2
34. Nc5 e5 35. Be3 Rxb2 36. Nxa6 b3 37. Kc1 Rxh2 38. Bb6 h5 39. Nb4 Rh4 40. Nd5
Ra4 41. Nc3 Rc4 42. Kb2 h4 43. a6 h3 44. a7 Rc8 45. Ne4 h2 46. Ng3 Ra8 47. Kxb3
f5 48. Kc4 f4 49. Nh1 g5 50. Kd5 g4 51. Ke4 g3 52. Kf3 Kf7 53. Kg2 Ke6 54. Kf3
Kf5 55. Kg2 Kg4 0-1

[Event "FIDE World Cup 2023"]
[Site "Baku AZE"]
[Date "2023.07.30"]
[Round "1.1"]
[White "Predke, Alexandr"]
[Black "Balogun, Oluwafemi Daniel"]
[Result "1-0"]
[WhiteTitle "GM"]
[BlackTitle "IM"]
[WhiteElo "2651"]
[BlackElo "2235"]
[WhiteFideId "24107581"]
[BlackFideId "8501246"]
[EventDate "2023.07.30"]
[EventType "k.o."]

1. e4 c5 2. Nf3 Nc6 3. Bb5 g6 4. O-O Bg7 5. Re1 Nf6 6. e5 Nd5 7. Nc3 Nc7 8. Bxc6
dxc6 9. h3 Ne6 10. d3 O-O 11. a4 a5 12. Be3 h6 13. Ne4 b6 14. Ng3 Nd4 15. Bd2
Ra7 16. Re4 Rd7 17. Bc3 Rd5 18. Bxd4 cxd4 19. Qd2 Be6 20. Rae1 Qd7 21. Rh4 c5
22. b3 Ra8 23. Rxh6 b5 24. axb5 Qxb5 25. Re4 Qb8 26. Reh4 Rxe5 27. Rh7 Qf8 28.
Nxe5 Bxe5 29. Qg5 Bg7 30. Nh5 1-0

[Event "FIDE World Cup 2023"]
[Site "Baku AZE"]
[Date "2023.07.30"]
[Round "1.1"]
[White "Karimov, Alisher"]
[Black "Liang, Awonder"]
[Result "0-1"]
[WhiteTitle "FM"]
[BlackTitle "GM"]
[WhiteElo "2273"]
[BlackElo "2649"]
[WhiteFideId "14700280"]
[BlackFideId "2056437"]
[EventDate "2023.07.30"]
[EventType "k.o."]

1. d4 Nf6 2. c4 e6 3. g3 d5 4. Nf3 Bb4+ 5. Bd2 Be7 6. Bg2 O-O 7. O-O Nbd7 8. Qc2
c6 9. Bf4 b6 10. Nbd2 Nh5 11. Be3 Bb7 12. Rfd1 Bd6 13. Ng5 Nhf6 14. Bf4 Bxf4 15.
gxf4 Rc8 16. Rac1 h6 17. Ngf3 c5 18. Qb1 Qe7 19. dxc5 bxc5 20. cxd5 exd5 21. e3
Qe6 22. b4 d4 23. f5 Qe7 24. Re1 cxb4 25. Nxd4 Bxg2 26. Kxg2 Ne5 27. Rxc8 Rxc8
28. Rc1 Rd8 29. Qc2 Nd5 30. N2f3 Nxf3 31. Nxf3 a5 32. Qc5 Qe4 33. Rc4 Qxf5 34.
h3 Re8 35. Qc6 Nf6 36. Rf4 Qg6+ 37. Rg4 Nxg4 38. Qxe8+ Kh7 39. Kf1 Nf6 40. Qe5
Qe4 41. Qxe4+ Nxe4 42. Ne5 a4 43. Nd3 b3 44. axb3 axb3 45. Ke2 Nc5 46. Nb2 Kg6
47. Kf3 Kg5 48. Kg3 Ne4+ 49. Kf3 f5 50. Nc4 g6 51. Kg2 Kh4 52. f3 Ng5 53. Ne5
Nxh3 0-1

[Event "FIDE World Cup 2023"]
[Site "Baku AZE"]
[Date "2023.07.30"]
[Round "1.1"]
[White "Gledura, Benjamin"]
[Black "Orozbaev, Eldiar"]
[Result "1-0"]
[WhiteTitle "GM"]
[BlackTitle "FM"]
[WhiteElo "2645"]
[BlackElo "2281"]
[WhiteFideId "712779"]
[BlackFideId "13802240"]
[EventDate "2023.07.30"]
[EventType "k.o."]

1. c4 c5 2. g3 Nc6 3. Bg2 g6 4. Nc3 Bg7 5. d3 d6 6. Qd2 e5 7. b3 Nge7 8. Bb2 Be6
9. Nd5 Qd7 10. h4 h5 11. e3 Bxd5 12. cxd5 Nb4 13. e4 Bh6 14. Qc3 Qb5 15. Bf1
Nexd5 16. exd5 Nxd5 17. Qc2 Nb4 18. Qd1 O-O-O 19. a3 Nc6 20. Ne2 d5 21. Bg2 Rhe8
22. Nc3 Qa5 23. O-O e4 24. Na4 e3 25. fxe3 Qc7 26. Rf3 Bxe3+ 27. Kh1 Bd4 28. Rb1
Re6 29. b4 Bxb2 30. Nxc5 Bxa3 31. Nxe6 fxe6 32. Qa4 Bxb4 33. Rxb4 Nxb4 34. Qxb4
Kb8 35. d4 a5 36. Qb5 Ka7 37. Bf1 Qb6 38. Qa4 Qb4 39. Qxb4 axb4 40. Rb3 g5 41.
hxg5 Rg8 42. Bh3 Rxg5 43. Bxe6 Rg6 44. Bf7 Rg4 45. Rxb4 Ka6 46. Bxd5 b5 47. Bc6
h4 48. Bd7 Rg7 49. Bxb5+ Ka5 50. Rb3 1-0

[Event "FIDE World Cup 2023"]
[Site "Baku AZE"]
[Date "2023.07.30"]
[Round "1.1"]
[White "Zhang, Yuanchen"]
[Black "Nguyen, Thai Dai Van"]
[Result "0-1"]
[WhiteTitle "IM"]
[BlackTitle "GM"]
[WhiteElo "2281"]
[BlackElo "2642"]
[WhiteFideId "2611902"]
[BlackFideId "358878"]
[EventDate "2023.07.30"]
[EventType "k.o."]

1. d4 d5 2. c4 e6 3. Nc3 Be7 4. cxd5 exd5 5. Bf4 c6 6. e3 Bf5 7. g4 Be6 8. h4
Nd7 9. Qb3 b5 10. g5 h6 11. g6 Ngf6 12. Bd3 O-O 13. Nge2 b4 14. Na4 fxg6 15.
Bxg6 Qa5 16. Rg1 Kh8 17. Be5 Bg8 18. Nf4 Nxe5 19. dxe5 Nd7 20. e6 Rxf4 21. exf4
Bxe6 22. O-O-O Bg8 23. Bc2 Bf6 24. Qh3 Nb6 25. b3 Nxa4 26. bxa4 Qc5 27. Qd3 Qxf2
28. Rdf1 Qc5 29. Rg6 Qc3 30. Qxc3 bxc3 31. Rg3 c5 32. h5 d4 0-1

[Event "FIDE World Cup 2023"]
[Site "Baku AZE"]
[Date "2023.07.30"]
[Round "1.1"]
[White "Tari, Aryan"]
[Black "El Jawich, Amro"]
[Result "1-0"]
[WhiteTitle "GM"]
[BlackTitle "FM"]
[WhiteElo "2641"]
[BlackElo "2288"]
[WhiteFideId "1510045"]
[BlackFideId "5300380"]
[EventDate "2023.07.30"]
[EventType "k.o."]

1. d4 Nf6 2. Nf3 g6 3. Nbd2 d5 4. b3 Bg7 5. Bb2 O-O 6. e3 a5 7. c4 a4 8. Be2 Bf5
9. O-O a3 10. Bc3 Nbd7 11. Rc1 c5 12. Ba1 dxc4 13. Bxc4 Qa5 14. Qe2 Ne4 15. Nxe4
Bxe4 16. Nd2 Nf6 17. Nxe4 Nxe4 18. Bd5 Nd6 19. Rxc5 Qb6 20. Rfc1 Rfd8 21. h4 e6
22. Bf3 Bf8 23. d5 Nf5 24. Rb5 Qa6 25. dxe6 Qxe6 26. Bxb7 Rab8 27. Bd5 Qe7 28.
Rxb8 Rxb8 29. h5 Rd8 30. Qc4 Bg7 31. Bxg7 Kxg7 32. e4 Nd6 33. Qd4+ f6 34. hxg6
hxg6 35. g3 g5 36. Kg2 Nf7 37. Qc5 Qxc5 38. Rxc5 Ne5 39. b4 g4 40. b5 Rb8 41.
Kf1 Kf8 42. Ke2 Ke7 43. Ke3 Kd6 44. Rc3 Rxb5 45. Rxa3 Rb6 46. Ra8 f5 47. Bb3
fxe4 48. Kxe4 Rb4+ 49. Kf5 Nf3 50. Ra4 1-0

[Event "FIDE World Cup 2023"]
[Site "Baku AZE"]
[Date "2023.07.30"]
[Round "1.1"]
[White "Koniahli, Malek."]
[Black "Yakubboev, Nodirbek"]
[Result "0-1"]
[WhiteTitle "FM"]
[BlackTitle "GM"]
[WhiteElo "2296"]
[BlackElo "2640"]
[WhiteFideId "7603495"]
[BlackFideId "14203987"]
[EventDate "2023.07.30"]
[EventType "k.o."]

1. e4 g6 2. d4 Bg7 3. Nc3 d6 4. Nf3 Nf6 5. Be2 O-O 6. O-O c6 7. a4 Qc7 8. h3 e5
9. dxe5 dxe5 10. Be3 a5 11. Nd2 Rd8 12. Qc1 Be6 13. Nc4 Nbd7 14. f4 Bxc4 15.
Bxc4 exf4 16. Bxf4 Ne5 17. Bb3 Qb6+ 18. Be3 Qb4 19. Bg5 Qc5+ 20. Kh1 Rd6 21. Qe1
h6 22. Be3 Qb4 23. Qf2 Nxe4 24. Nxe4 Qxe4 25. Rae1 Rf6 26. Bf4 Qb4 27. Qg3 Re8
28. Rd1 Nc4 29. Bxh6 Rxf1+ 30. Rxf1 Bxh6 31. Qh4 b5 32. Qxh6 Re1 33. Qf4 Rxf1+
34. Qxf1 Kg7 35. Bxc4 bxc4 36. c3 Qxa4 37. Qe2 Qb5 38. Qd2 Qe5 39. Qd1 Qe3 40.
Qa1 Qc5 41. Qd1 Qd5 42. Qa1 Kf6 43. Qe1 Qd3 44. Qa1 Qf5 45. Qe1 Qf4 46. Qa1 Ke6
47. Qxa5 Qc1+ 48. Kh2 Qxb2 49. Kg3 Qd2 50. Qb4 Qe3+ 51. Kh2 Kd5 52. Qb2 Qe5+ 53.
Kh1 Qe1+ 54. Kh2 f5 55. Qc2 Ke5 56. Qb2 Ke4 57. Qb6 Qxc3 58. Qxc6+ Kd3 59. Qxg6
Qe5+ 60. g3 c3 61. Qa6+ Kd2 62. Qa2+ c2 63. h4 Qe2+ 64. Kg1 Qb5 65. Kf2 Kd1 0-1

[Event "FIDE World Cup 2023"]
[Site "Baku AZE"]
[Date "2023.07.30"]
[Round "1.1"]
[White "Yilmaz, Mustafa"]
[Black "Mwali, Chitumbo"]
[Result "1-0"]
[WhiteTitle "GM"]
[BlackTitle "IM"]
[WhiteElo "2639"]
[BlackElo "2304"]
[WhiteFideId "6302718"]
[BlackFideId "8700265"]
[EventDate "2023.07.30"]
[EventType "k.o."]

1. d4 Nf6 2. c4 c5 3. d5 e6 4. Nc3 exd5 5. cxd5 d6 6. Nf3 g6 7. Nd2 Bg7 8. e4
O-O 9. Be2 Re8 10. O-O Na6 11. f3 Nc7 12. a4 b6 13. Kh1 h5 14. Nc4 Ba6 15. Bg5
Bxc4 16. Bxc4 a6 17. Qd3 Qd7 18. f4 Nh7 19. Bh4 Rab8 20. Rae1 b5 21. Ba2 c4 22.
Qf3 bxa4 23. Bxc4 Rxb2 24. e5 dxe5 25. d6 Ne6 26. fxe5 Rb4 27. Nd5 Rxc4 28. Nb6
Rf4 29. Qxf4 Nxf4 30. Nxd7 g5 31. Bxg5 Nd3 32. Re3 Nb4 33. Bh4 Nc6 34. Rg3 1-0

[Event "FIDE World Cup 2023"]
[Site "Baku AZE"]
[Date "2023.07.30"]
[Round "1.1"]
[White "Lim, Zhuo Ren"]
[Black "Mamedov, Rauf"]
[Result "0-1"]
[WhiteTitle "FM"]
[BlackTitle "GM"]
[WhiteElo "2310"]
[BlackElo "2636"]
[WhiteFideId "5702488"]
[BlackFideId "13401653"]
[EventDate "2023.07.30"]
[EventType "k.o."]

1. d4 Nf6 2. c4 g6 3. Nc3 Bg7 4. e4 d6 5. Be2 O-O 6. Be3 a5 7. h4 h5 8. f3 Nc6
9. Nb5 a4 10. Nh3 Nb8 11. a3 c6 12. Nc3 Qa5 13. Nf2 Nbd7 14. Nd3 c5 15. d5 b5
16. cxb5 Ne8 17. O-O Nc7 18. Nf2 Bxc3 19. bxc3 Nxb5 20. Bd2 Nxc3 21. Qe1 Nxe2+
22. Qxe2 Qd8 23. Qe3 f6 24. Qh6 Qe8 25. Nd3 Qf7 26. Bc3 Qh7 27. Qd2 Ba6 28. Rfb1
Rfb8 29. Nf2 Rb3 30. Kh2 Rab8 31. Rxb3 Rxb3 32. Rg1 Kf7 33. Ba1 Bb5 34. Nh3 Kg8
35. Qf4 Qf7 36. g4 Ne5 37. Bxe5 fxe5 38. Qxf7+ Kxf7 39. gxh5 gxh5 40. Ng5+ Kf6
41. Nh7+ Kf7 42. Ng5+ Ke8 43. Ne6 Rb2+ 44. Kh1 c4 45. Rg8+ Kf7 46. Rf8+ Kg6 47.
Rc8 Ra2 48. Kg1 Rxa3 49. Kf2 c3 50. Kg3 Bd3 51. Rg8+ Kh7 52. Rg5 Bxe4 53. Rxh5+
Kg8 54. Rg5+ Kf7 55. fxe4 c2+ 56. Kg4 c1=Q 57. Rf5+ Kg8 58. Rf8+ Kh7 59. Ng5+
Kh6 60. Rh8+ Kg7 61. Rh7+ Kg8 62. Rxe7 Qd1+ 63. Kf5 Qh5 64. Kf6 Qh6+ 65. Kf5
Qf8+ 66. Ke6 Qxe7+ 67. Kxe7 Rb3 0-1

[Event "FIDE World Cup 2023"]
[Site "Baku AZE"]
[Date "2023.07.30"]
[Round "1.1"]
[White "Abasov, Nijat"]
[Black "Makoto, Rodwell"]
[Result "1-0"]
[WhiteTitle "GM"]
[BlackTitle "IM"]
[WhiteElo "2632"]
[BlackElo "2312"]
[WhiteFideId "13402960"]
[BlackFideId "11000120"]
[EventDate "2023.07.30"]
[EventType "k.o."]

1. d4 Nf6 2. Bg5 d5 3. e3 c6 4. Bxf6 gxf6 5. c4 e5 6. Nc3 Be6 7. cxd5 cxd5 8.
Nf3 Nc6 9. Be2 Bd6 10. O-O e4 11. Nh4 f5 12. g3 f4 13. exf4 Bxf4 14. Ng2 Bc7 15.
Rc1 Bb6 16. Bb5 h5 17. Na4 Bd7 18. Nf4 Ne7 19. Bxd7+ Qxd7 20. Nxb6 axb6 21. Qb3
Rh6 22. h4 Qa4 23. Rc7 Qxb3 24. axb3 Rc6 25. Rxb7 Ra2 26. Rb1 Nf5 27. Nxd5 Nxd4
28. Kg2 Nf3 29. Nc3 Nd2 30. Re1 Rxb2 31. Nxe4 Nxe4 32. Rxe4+ Kf8 33. Rf4 1-0